Elements of industrial organization, (Record no. 158172)

MARC details
000 -LEADER
fixed length control field 00837nam a2200289 a 4500
008 - FIXED-LENGTH DATA ELEMENTS--GENERAL INFORMATION
fixed length control field
020 ## - INTERNATIONAL STANDARD BOOK NUMBER
International Standard Book Number 027336135X (pbk.)
049 0# - LOCAL HOLDINGS (OCLC)
Holding library MAIN
090 ## - LOCALLY ASSIGNED LC-TYPE CALL NUMBER (OCLC); LOCAL CALL NUMBER (RLIN)
Classification number (OCLC) (R) ; Classification number, CALL (RLIN) (NR) HD21
Local cutter number (OCLC) ; Book number/undivided call number, CALL (RLIN) BUR
003 - CONTROL NUMBER IDENTIFIER
control field
005 - DATE AND TIME OF LATEST TRANSACTION
control field 20230123134007.0
040 ## - CATALOGING SOURCE
Transcribing agency NUST
100 1# - MAIN ENTRY--PERSONAL NAME
Personal name Burnham, T.H.
245 10 - TITLE STATEMENT
Title Elements of industrial organization,
Statement of responsibility, etc. [by] T.H. Burnham and G.O. Hoskins.
250 ## - EDITION STATEMENT
Edition statement 8th ed.
260 ## - PUBLICATION, DISTRIBUTION, ETC.
Place of publication, distribution, etc. London,:
Name of publisher, distributor, etc. Pitman,
Date of publication, distribution, etc. 1971.
300 ## - PHYSICAL DESCRIPTION
Extent v, 298 p.:
Other physical details ill.;
Dimensions 22 cm.
440 ## - SERIES STATEMENT/ADDED ENTRY--TITLE
Title Pitman paperbacks
500 ## - GENERAL NOTE
General note Earlier editions issued as v. 1 of Engineering economics.
500 ## - GENERAL NOTE
General note Includes index.
650 #0 - SUBJECT ADDED ENTRY--TOPICAL TERM
Topical term or geographic name entry element Industrial organization.
650 #0 - SUBJECT ADDED ENTRY--TOPICAL TERM
Topical term or geographic name entry element Money.
700 1# - ADDED ENTRY--PERSONAL NAME
Personal name Hoskins, George Owen.
700 1# - ADDED ENTRY--PERSONAL NAME
Personal name Burnham, T. H.
907 ## - LOCAL DATA ELEMENT G, LDG (RLIN)
a .b10162367
b 06-11-12
c 09-05-05
942 ## - ADDED ENTRY ELEMENTS (KOHA)
Koha item type Ordinary Loan Books
Call number prefix HD21
Call number suffix BUR
Holdings
Date last seen Total Checkouts Full call number Barcode Cost, replacement price Price effective from Koha item type Lost status Source of classification or shelving scheme Damaged status Not for loan Collection Withdrawn status Home library Current library Shelving location Date acquired Cost, normal purchase price
01/23/2023 1 HD21 BUR 92003036586 80.00 01/23/2023 BOOKS   LCC     NFIC   MAIN MAIN GEN 01/23/2023 80.00